header

Implementation of the Common Core State Standards (Record no. 59909)

MARC details
000 -LEADER
fixed length control field 01563nam a2200361Ia 4500
082 04 - DEWEY DECIMAL CLASSIFICATION NUMBER
Classification number 375.0002/1873
100 1# - MAIN ENTRY--AUTHOR NAME
Personal name Saavedra, Anna Rosefsky.
245 10 - TITLE STATEMENT
Title Implementation of the Common Core State Standards
260 ## - PUBLICATION, DISTRIBUTION, ETC. (IMPRINT)
Place of publication Santa Monica, Calif. :
Name of publisher RAND, National Defense Research Institute,
Year of publication 2012.
300 ## - PHYSICAL DESCRIPTION
Number of Pages ix, 27 p.
490 1# - SERIES STATEMENT
Series statement Occasional paper ;
650 #0 - SUBJECT ADDED ENTRY--TOPICAL TERM
Topical Term Military post schools, American
700 1# - ADDED ENTRY--PERSONAL NAME
Personal name Steele, Jennifer L.
856 40 - ELECTRONIC LOCATION AND ACCESS
Uniform Resource Identifier http://site.ebrary.com/lib/rucke/Doc?id=10678755

No items available.

© 2026 Rongo University
Contact us: librarian | system librarian | Rongo university